| 000 | 01613cam a2200253 4500 | ||
|---|---|---|---|
| 001 | ABS66565 | ||
| 008 | 030328n2003 000 0 eng u | ||
| 035 | _a(Sirsi) u121777 | ||
| 100 | _aNevin, M. | ||
| 245 | _aFinancial review of the UK municipal waste management industry | ||
| 260 | _c2003 | ||
| 490 |
_aWastes Management _vFebruary 2003, 19-21(3) |
||
| 520 | _aExamines the cost of municipal waste management in the UK. Outlines factors that have affected the municipal waste management industry in recent years including the outsourcing of waste management activities by local authorities and the introduction of the EU Landfill Directive and landfill tax. Estimates the total annual turnover of the industry as £3.5bn per annum and highlights the turnover and assets of leading waste management companies. Considers how the industry can meet the financial burden of developing alternative waste treatment methods and suggests that the City regards solid waste management as a risky sector. Concludes that the current period of radical change for the industry is likely to see some casualities. Graphs. Full report "Financing sustainable waste management: the challenge for the new millennium" available from Caledonian Economics, t +44 (0)131 552 8786 or [email protected]. | ||
| 590 | _aABS | ||
| 650 | _aMUNICIPAL SOLID WASTE | ||
| 650 | _aWASTE INDUSTRY | ||
| 650 | _aLANDFILLS | ||
| 650 | _aDIRECTIVE 99/31/EC | ||
| 650 | _aTURNOVER | ||
| 650 | _aWASTE MANAGEMENT COMPANIES | ||
| 690 | _aENVIRONMENTAL AND LAND CONSULTANCY-WASTE MANAGEMENT | ||
| 700 | _aOdendaal, S. | ||
| 942 | _n0 | ||
| 999 |
_c72374 _d72374 |
||